Gia đình ven đô dưới tác động của đô thị hóa /
Сохранить в:
| Главный автор: | |
|---|---|
| Формат: | Статья |
| Язык: | Vietnamese |
| Предметы: | |
| Метки: |
Добавить метку
Нет меток, Требуется 1-ая метка записи!
|
| Thư viện lưu trữ: | Thư viện Trường Đại học Đà Lạt |
|---|
| LEADER | 00750nam a2200265 4500 | ||
|---|---|---|---|
| 001 | DLU140162784 | ||
| 005 | ##20140804 | ||
| 040 | # | # | |a DLU |b vie |
| 041 | # | # | |a vie |
| 044 | # | # | |a vn |
| 100 | # | # | |a Trần Thu Hương. |
| 245 | # | # | |a Gia đình ven đô dưới tác động của đô thị hóa / |c Trần Thu Hương. |
| 653 | # | # | |a Đô thị hóa |
| 653 | # | # | |a Chức năng |
| 653 | # | # | |a Vùng ven đô |
| 773 | # | # | |t Tâm lý học |g Số 4(157), 2012, tr. 89-98 |
| 920 | # | # | |a Phòng Tạp chí -- Trung tâm Thông tin - Thư viện Trường Đại học Đà Lạt |
| 994 | # | # | |a DLU |
| 900 | # | # | |a True |
| 911 | # | # | |a Trương Thị Mỹ Lệ |
| 925 | # | # | |a G |
| 926 | # | # | |a A |
| 927 | # | # | |a BB |
| 980 | # | # | |a Thư viện Trường Đại học Đà Lạt |